ბათუმის შოთა რუსთაველის სახელმწიფო უნივერსიტეტის ბიბლიოთეკა

Shamanic Journeys.Through Dagestan (ბიბ.ჩანაწერი № 46611)

000 -LEADER
fixed length control field 00448nam a2200193Ia 4500
001 - CONTROL NUMBER
control field 13451
003 - CONTROL NUMBER IDENTIFIER
control field GE_BSU
008 - FIXED-LENGTH DATA ELEMENTS--GENERAL INFORMATION
fixed length control field 181216s||||||||xx |||||||||||||| ||und||
020 ## - INTERNATIONAL STANDARD BOOK NUMBER
International Standard Book Number 9781846942259
040 ## - CATALOGING SOURCE
Transcribing agency GE_BSU
080 ## - UNIVERSAL DECIMAL CLASSIFICATION NUMBER
Universal Decimal Classification number 821.35
100 ## - MAIN ENTRY--PERSONAL NAME
Personal name Berman,Michael
245 ## - TITLE STATEMENT
Title Shamanic Journeys.Through Dagestan
260 ## - PUBLICATION, DISTRIBUTION, ETC.
Place of publication, distribution, etc. Washington
260 ## - PUBLICATION, DISTRIBUTION, ETC.
Date of publication, distribution, etc. 2009
300 ## - PHYSICAL DESCRIPTION
Extent 140p.20cm.
653 ## - INDEX TERM--UNCONTROLLED
Uncontrolled term Shamanic Journeys.Through Dagestan
942 ## - ADDED ENTRY ELEMENTS (KOHA)
Koha item type წიგნი
ეგზემპლარები
Withdrawn status Lost status Damaged status Not for loan Date acquired Barcode Date last seen Price effective from Koha item type
        2018-12-17 36825 2018-12-17 2018-12-17 წიგნი